000
00262nam a22001097a 4500
040
_c
SK
082
_a
581
100
_a
KUY sophal; គួយ សុផល
245
_a
Plant Morphology; រុក្ខវិទ្យា
260
_a
RUA
_b
581
_c
1994
942
_c
KB
999
_c
8419
_d
8419